[Event "Catalunya-ch Seniors"]
[Site "Vila Seca"]
[Date "2016.05.26"]
[Round "6"]
[White "Basas Gamazo, Josep"]
[Black "Franquet Escriba, Joan"]
[Result "1/2-1/2"]
[WhiteElo "1968"]
[BlackElo "2067"]
[PlyCount "24"]
[EventDate "2016.05.21"]
[EventType "swiss"]
[EventRounds "9"]
[EventCountry "ESP"]
[SourceTitle "CBM 172 Extra"]
[Source "ChessBase"]
[SourceDate "2016.06.21"]
[SourceVersion "1"]
[SourceVersionDate "2016.06.21"]
[SourceQuality "1"]

1. e4 c5 2. Nf3 e6 3. d4 cxd4 4. Nxd4 a6 5. Nc3 Qc7 6. Bd3 Nc6 7. Nxc6 dxc6 8. 0-0 e5 9. a4 Be6 10. f4 exf4 11. Bxf4 Bd6 12. Bxd6 Qxd6 1/2-1/2

[Event "Barcelona Vila Gracia Seniors 55 op 3rd"]
[Site "Barcelona"]
[Date "2016.04.25"]
[Round "6.4"]
[White "Caballe Sasot, Roger"]
[Black "Franquet Escriba, Joan"]
[Result "1-0"]
[WhiteElo "1949"]
[BlackElo "2078"]
[PlyCount "33"]
[EventDate "2016.03.07"]
[EventType "swiss"]
[EventRounds "8"]
[EventCountry "ESP"]
[SourceTitle "EXT 2024"]
[Source "ChessBase"]
[SourceDate "2023.10.10"]
[SourceVersion "1"]
[SourceVersionDate "2023.10.10"]
[SourceQuality "1"]

1. c4 Nf6 2. d4 e6 3. Nc3 d5 4. Bf4 c6 5. c5 Nbd7 6. e3 Be7 7. Bd3 0-0 8. h3 Re8 9. Nf3 Nf8 10. b4 Ng6 11. Bh2 Nd7 12. 0-0 f5 13. a4 Nf6 14. Qc2 Ne4 15. Ne5 Nxe5 16. Bxe5 Bf6 17. Bh2 1-0

[Event "Catalunya-ch Seniors 31st"]
[Site "Santa Susanna"]
[Date "2015.05.30"]
[Round "8"]
[White "Franquet Escriba, Joan"]
[Black "Tejero Royo, Fermin"]
[Result "1/2-1/2"]
[WhiteElo "2166"]
[BlackElo "2202"]
[PlyCount "55"]
[EventDate "2015.05.23"]
[EventType "swiss"]
[EventRounds "9"]
[EventCountry "CAT"]
[SourceTitle "CBM 166 Extra"]
[Source "ChessBase"]
[SourceDate "2015.06.18"]
[SourceVersion "1"]
[SourceVersionDate "2015.06.18"]
[SourceQuality "1"]

1. e4 e5 2. Nf3 Nc6 3. d4 exd4 4. Nxd4 Bc5 5. Nb3 Bb6 6. a4 a6 7. Nc3 Nf6 8. Bd3 d6 9. 0-0 Bg4 10. Be2 Ne5 11. Bg5 Be6 12. Nd5 Bxd5 13. exd5 h6 14. Bf4 Ng6 15. Be3 Bxe3 16. fxe3 Qe7 17. Qd4 0-0 18. Bd3 Ne5 19. Rae1 c5 20. dxc6 bxc6 21. Nd2 Rab8 22. Nf3 c5 23. Qc3 Nd5 24. Qd2 Nxd3 25. Qxd3 Qe6 26. b3 Rb4 27. c4 Nf6 28. e4 1/2-1/2

[Event "Barcelona Seniors 55 op 2nd"]
[Site "Barcelona"]
[Date "2015.03.23"]
[Round "2"]
[White "Franquet Escriba, Joan"]
[Black "Pereda Villalba, Julian"]
[Result "1-0"]
[WhiteElo "2166"]
[BlackElo "1917"]
[PlyCount "50"]
[EventDate "2015.03.16"]
[EventType "swiss"]
[EventRounds "8"]
[EventCountry "ESP"]
[SourceTitle "EXT 2016"]
[Source "ChessBase"]
[SourceDate "2015.10.08"]
[SourceVersion "1"]
[SourceVersionDate "2015.10.08"]
[SourceQuality "1"]

1. e4 e5 2. Nf3 d6 3. Bc4 Be7 4. d3 Nf6 5. c3 0-0 6. 0-0 Bg4 7. h3 Bxf3 8. Qxf3 c6 9. Bb3 Nbd7 10. d4 c5 11. Be3 Rc8 12. Nd2 b5 13. Rfd1 c4 14. Bc2 Qc7 15. Nf1 Rfd8 16. g4 Nf8 17. a4 a6 18. axb5 N6d7 19. bxa6 Ra8 20. Qe2 Rdb8 21. Bc1 Qb6 22. dxe5 Ne6 23. Ne3 Nf4 24. Nd5 Nxd5 25. exd5 Bh4 1-0

[Event "Catalunya-ch Seniors 30th"]
[Site "Barcelona"]
[Date "2014.05.25"]
[Round "9"]
[White "Franquet Escriba, Joan"]
[Black "Vallbona Domingo, Joan"]
[Result "1/2-1/2"]
[WhiteElo "2193"]
[BlackElo "2122"]
[PlyCount "30"]
[EventDate "2014.05.17"]
[EventType "swiss"]
[EventRounds "9"]
[EventCountry "ESP"]
[SourceTitle "CBM 160 Extra"]
[Source "ChessBase"]
[SourceDate "2014.07.01"]
[SourceVersion "1"]
[SourceVersionDate "2014.07.01"]
[SourceQuality "1"]

1. e4 c5 2. Nf3 e6 3. d4 cxd4 4. Nxd4 a6 5. Bd3 Bc5 6. Nb3 Ba7 7. Nc3 Nc6 8. Qe2 d6 9. Be3 b5 10. Bxa7 Rxa7 11. Qe3 Nf6 12. Rd1 Rd7 13. 0-0 0-0 14. a3 Bb7 15. Kh1 Ne5 1/2-1/2

[Event "Barcelona Vila de Gracia Seniors 55+ op"]
[Site "Barcelona"]
[Date "2014.03.24"]
[Round "2"]
[White "Franquet Escriba, Joan"]
[Black "Pereda Villalba, Julian"]
[Result "1-0"]
[WhiteElo "2193"]
[BlackElo "1958"]
[PlyCount "53"]
[EventDate "2014.03.17"]
[EventType "swiss"]
[EventRounds "8"]
[EventCountry "ESP"]
[SourceTitle "EXT 2015"]
[Source "ChessBase"]
[SourceDate "2014.11.20"]
[SourceVersion "1"]
[SourceVersionDate "2014.11.20"]
[SourceQuality "1"]

1. e4 e6 2. d4 d5 3. Nd2 dxe4 4. Nxe4 Nf6 5. Nxf6+ Qxf6 6. Nf3 h6 7. Bd3 Bd6 8. 0-0 c6 9. Qe2 Nd7 10. Re1 Bf4 11. c4 Nb6 12. Qe4 Bxc1 13. Raxc1 g6 14. Ne5 0-0 15. Re3 Qg7 16. Qh4 Nd7 17. f4 h5 18. Rf1 f5 19. Rg3 Nxe5 20. dxe5 Bd7 21. Be2 Be8 22. Rd1 Kh8 23. Qg5 Qh7 24. Rd6 Qc7 25. Qh6+ Kg8 26. Rxe6 Qb6+ 27. Kh1 1-0

[Event "Barcelona Vila de Gracia Seniors 55+ op"]
[Site "Barcelona"]
[Date "2014.03.17"]
[Round "1"]
[White "Oliana Rectoret, Pere"]
[Black "Franquet Escriba, Joan"]
[Result "0-1"]
[WhiteElo "1822"]
[BlackElo "2193"]
[PlyCount "68"]
[EventDate "2014.03.17"]
[EventType "swiss"]
[EventRounds "8"]
[EventCountry "ESP"]
[SourceTitle "EXT 2015"]
[Source "ChessBase"]
[SourceDate "2014.11.20"]
[SourceVersion "1"]
[SourceVersionDate "2014.11.20"]
[SourceQuality "1"]

1. d4 Nf6 2. e3 e6 3. Bd3 d5 4. Nd2 c5 5. c3 Nc6 6. f4 Be7 7. Ngf3 0-0 8. 0-0 cxd4 9. exd4 b6 10. Ne5 Bb7 11. Qf3 Nd7 12. Qh3 f5 13. Ndf3 Bf6 14. g4 g6 15. g5 Ncxe5 16. Nxe5 Nxe5 17. dxe5 Be7 18. Be3 Qd7 19. Rad1 Qa4 20. Bb1 Bc5 21. b4 Bxe3+ 22. Qxe3 Rac8 23. Rd4 Rc7 24. Qd2 Rfc8 25. Rf3 Qa3 26. Rdd3 Rc4 27. Rg3 R8c7 28. Kf2 Qa4 29. Qc2 Rxf4+ 30. Ke2 Qxc2+ 31. Bxc2 Ba6 32. Ke3 Re4+ 33. Kf2 Bxd3 34. Bxd3 Rh4 0-1

[Event "Catalunya-ch Seniors"]
[Site "Santa Susanna"]
[Date "2013.05.11"]
[Round "8"]
[White "Marchador Villalba, Jordi"]
[Black "Franquet Escriba, Joan"]
[Result "1/2-1/2"]
[WhiteElo "2065"]
[BlackElo "2094"]
[PlyCount "49"]
[EventDate "2013.05.04"]
[EventType "swiss"]
[EventRounds "9"]
[EventCountry "ESP"]
[SourceTitle "CBM 154 Extra"]
[Source "ChessBase"]
[SourceDate "2013.06.25"]
[SourceVersion "2"]
[SourceVersionDate "2013.06.25"]
[SourceQuality "1"]

1. d4 Nf6 2. Bg5 e6 3. e4 Be7 4. Nd2 d5 5. e5 Nfd7 6. Bxe7 Qxe7 7. Ngf3 c5 8. c3 Nc6 9. a3 0-0 10. Bd3 f6 11. Qe2 fxe5 12. dxe5 c4 13. Bc2 Nc5 14. 0-0 Bd7 15. Qe3 Be8 16. Nd4 Nxd4 17. cxd4 Na4 18. Rab1 Rc8 19. f4 Nxb2 20. Rxb2 c3 21. Rbb1 cxd2 22. Qxd2 Rxc2 23. Qxc2 Bg6 24. Qd2 Bxb1 25. Rxb1 1/2-1/2

[Event "ESP-ch Seniors 27th"]
[Site "Santa Susanna"]
[Date "2011.05.20"]
[Round "8"]
[White "Tejero Royo, Fermin"]
[Black "Franquet Escriba, Joan"]
[Result "1-0"]
[WhiteElo "2101"]
[BlackElo "2109"]
[PlyCount "81"]
[EventDate "2011.05.13"]
[EventType "swiss"]
[EventRounds "9"]
[EventCountry "ESP"]
[SourceTitle "CBM 142 Extra"]
[Source "ChessBase"]
[SourceDate "2011.06.27"]
[SourceVersion "1"]
[SourceVersionDate "2011.06.27"]
[SourceQuality "1"]

1. d4 Nf6 2. c4 e6 3. Nc3 d5 4. Nf3 Be7 5. g3 c6 6. Bg2 Nbd7 7. Nd2 0-0 8. 0-0 Re8 9. e4 dxe4 10. Ndxe4 Nxe4 11. Nxe4 Nf6 12. Nc3 Qa5 13. Qe2 Bd7 14. Bf4 Rad8 15. Rfd1 Bc8 16. a3 Bd6 17. Be5 Bxe5 18. dxe5 Nd7 19. f4 Qc5+ 20. Kh1 Nb6 21. Bf1 Qe7 22. Ne4 Rxd1 23. Rxd1 Bd7 24. Nd6 Rb8 25. Qe3 f6 26. a4 fxe5 27. fxe5 c5 28. a5 Bc6+ 29. Bg2 Bxg2+ 30. Kxg2 Nd7 31. Rf1 Rf8 32. Rxf8+ Qxf8 33. Nxb7 Qb8 34. a6 Qc7 35. b3 Qc6+ 36. Qf3 Qxf3+ 37. Kxf3 Nxe5+ 38. Ke4 Nd7 39. Nd8 Nb8 40. Nxe6 Nxa6 41. Kd5 1-0

[Event "ESP-ch Seniors 27th"]
[Site "Santa Susanna"]
[Date "2011.05.19"]
[Round "7"]
[White "Franquet Escriba, Joan"]
[Black "Gorgues Valle, Jose Maria"]
[Result "1-0"]
[WhiteElo "2109"]
[BlackElo "1810"]
[PlyCount "71"]
[EventDate "2011.05.13"]
[EventType "swiss"]
[EventRounds "9"]
[EventCountry "ESP"]
[SourceTitle "CBM 142 Extra"]
[Source "ChessBase"]
[SourceDate "2011.06.27"]
[SourceVersion "1"]
[SourceVersionDate "2011.06.27"]
[SourceQuality "1"]

1. e4 Nf6 2. e5 Nd5 3. d4 d6 4. Nf3 g6 5. Be2 Bg7 6. 0-0 0-0 7. c4 Nb6 8. Nc3 dxe5 9. Nxe5 c6 10. Be3 N8d7 11. Nf3 Nf6 12. h3 Be6 13. b3 Qc8 14. Qd2 Bf5 15. Rfe1 Ne4 16. Nxe4 Bxe4 17. Bh6 Bxf3 18. Bxf3 e6 19. Bxg7 Kxg7 20. a4 Nd7 21. d5 exd5 22. cxd5 cxd5 23. Qxd5 Nf6 24. Qb5 Rb8 25. Rac1 a6 26. Qb4 Qd8 27. Red1 Qe8 28. Qb6 Qe5 29. Rc7 Rfd8 30. Rxd8 Qe1+ 31. Kh2 Qe5+ 32. g3 Rxd8 33. Qxb7 Qe6 34. Re7 Rd7 35. Rxe6 Rxb7 36. Rxf6 1-0

[Event "Catalunya-ch Seniors"]
[Site "Andorra"]
[Date "2006.07.26"]
[Round "9"]
[White "Buxade Roca, Guillermo"]
[Black "Franquet Escriba, Joan"]
[Result "1/2-1/2"]
[WhiteElo "2202"]
[BlackElo "2171"]
[PlyCount "62"]
[EventDate "2006.07.18"]
[EventType "swiss"]
[EventRounds "9"]
[EventCountry "ESP"]
[SourceTitle "EXT 2019"]
[Source "ChessBase"]
[SourceDate "2018.10.10"]
[SourceVersion "1"]
[SourceVersionDate "2018.10.10"]
[SourceQuality "1"]

1. e4 c5 2. Nc3 e6 3. g3 Nc6 4. Bg2 Nf6 5. Nge2 d6 6. d3 Be7 7. 0-0 Bd7 8. f4 Rb8 9. Kh1 b5 10. Be3 0-0 11. Qd2 Ne8 12. Rae1 b4 13. Nd1 Qa5 14. Nc1 Nc7 15. g4 Nd4 16. Nb3 Qb6 17. Qf2 Ncb5 18. f5 Nxb3 19. axb3 Qd8 20. Qd2 Nd4 21. Nf2 Nc6 22. Ra1 Bf6 23. Ra2 Be5 24. Bg5 f6 25. Be3 Rb5 26. Rfa1 Qc7 27. c3 bxc3 28. bxc3 Na5 29. d4 Nxb3 30. Qd1 cxd4 31. cxd4 Qc3 1/2-1/2

[Event "Catalunya-ch Seniors"]
[Site "Andorra"]
[Date "2006.07.23"]
[Round "6"]
[White "Franquet Escriba, Joan"]
[Black "Monedero Gonzalez, Josep"]
[Result "1/2-1/2"]
[WhiteElo "2171"]
[BlackElo "2106"]
[PlyCount "22"]
[EventDate "2006.07.18"]
[EventType "swiss"]
[EventRounds "9"]
[EventCountry "ESP"]
[SourceTitle "EXT 2019"]
[Source "ChessBase"]
[SourceDate "2018.10.10"]
[SourceVersion "1"]
[SourceVersionDate "2018.10.10"]
[SourceQuality "1"]

1. e4 e6 2. d4 d5 3. Nc3 Nf6 4. Bg5 Bb4 5. e5 h6 6. Bd2 Bxc3 7. bxc3 Ne4 8. Bd3 Nxd2 9. Qxd2 c5 10. f4 Qa5 11. dxc5 Nc6 1/2-1/2

[Event "Gent Gran-ch"]
[Site "Gent Gran"]
[Date "1996.??.??"]
[Round "3"]
[White "Franquet Escriba, Joan"]
[Black "Martin Gracia, Jesus"]
[Result "1/2-1/2"]
[WhiteElo "2165"]
[BlackElo "2040"]
[PlyCount "27"]
[EventDate "1996.??.??"]
[EventType "swiss"]
[EventRounds "9"]
[EventCountry "ESP"]
[SourceTitle "EXT 2003"]
[Source "ChessBase"]
[SourceDate "2002.11.25"]
[SourceVersion "1"]
[SourceVersionDate "2002.11.25"]
[SourceQuality "1"]

1. e4 c5 2. Nf3 g6 3. d4 cxd4 4. Nxd4 Bg7 5. Nc3 Nc6 6. Be3 d6 7. Be2 Nf6 8. 0-0 0-0 9. Nb3 Bd7 10. f4 a5 11. a4 Nb4 12. Bf3 Qc8 13. Qd2 Bc6 14. Rad1 1/2-1/2

[Event "Gent Gran-ch"]
[Site "Gent Gran"]
[Date "1996.??.??"]
[Round "8"]
[White "Queralto Roger, Esteve"]
[Black "Franquet Escriba, Joan"]
[Result "1/2-1/2"]
[WhiteElo "1970"]
[BlackElo "2165"]
[PlyCount "28"]
[EventDate "1996.??.??"]
[EventType "swiss"]
[EventRounds "9"]
[EventCountry "ESP"]
[SourceTitle "EXT 2003"]
[Source "ChessBase"]
[SourceDate "2002.11.25"]
[SourceVersion "1"]
[SourceVersionDate "2002.11.25"]
[SourceQuality "1"]

1. d4 Nf6 2. Nf3 e6 3. c4 Bb4+ 4. Bd2 Qe7 5. Nc3 0-0 6. e3 Bxc3 7. Bxc3 Ne4 8. Qc2 Nxc3 9. Qxc3 d6 10. Bd3 Nd7 11. e4 e5 12. d5 a5 13. 0-0 Nc5 14. h3 f5 1/2-1/2